[Event "Sharjah Master 2024"]
[Site "Shsrjah - Abu Dhabi"]
[Date "2024.05.22"]
[Round "?"]
[White "Gupta, Abhijeet"]
[Black "Gavrilescu, David"]
[Result "1-0"]
[WhiteElo "2601"]
[BlackElo "2538"]
[PlyCount "115"]
[EventDate "2024.05.14"]
[EventCountry "UAE"]

{[%evp 12,115,31,38,45,39,41,32,35,36,31,27,27,31,46,53,50,16,73,64,67,76,80,66,97,97,104,102,105,103,105,105,112,76,99,73,71,69,66,66,71,65,88,86,121,121,128,119,146,156,143,110,180,79,80,43,138,138,260,252,217,217,268,264,273,273,238,238,297,221,219,184,230,218,240,234,240,241,314,314,318,313,411,416,436,432,450,447,458,460,707,720,604,540,885,864,919,720,29981,29982,29982,29983,29983,29984,29983,29985]} 1. d4 Nf6 2. c4 e6 3. Nc3 d5 4. cxd5 exd5 5. Bg5 Bb4 6. e3 h6 7. Bh4 g5 8. Bg3 h5 ({RR} 8... Ne4 9. Qc2 h5 10. f3 Nxg3 11. hxg3 Be6 12. Bd3 c6 13. O-O-O Nd7 14. f4 Bg4 15. Nf3 ({White should try} 15. Be2 $14 Bxe2 16. Ngxe2) 15... Qe7 ({Black should play} 15... gxf4 $11 16. exf4 Qa5) 16. e4 Bxc3 17. Qxc3 Bxf3 18. gxf3 dxe4 19. Bxe4 gxf4 20. g4 O-O-O 21. d5 h4 (21... Kb8 $142) 22. dxc6 Nc5 23. Bf5+ {Caruana,F (2803)-Nepomniachtchi,I (2758) Toronto CAN 2024 ½-½ (109)}) 9. Qb3 $146 ({RR} 9. h3 Ne4 10. Nge2 Nxg3 11. Nxg3 h4 12. Nh5 c6 13. Be2 f5 14. O-O Qe7 15. a3 Bd6 $1 16. b4 Bc7 (16... a6 $17) 17. Rc1 Kd8 18. b5 Nd7 19. bxc6 (19. Na4 $14) 19... bxc6 20. Qc2 (20. Na2 $5 {[%cal Ra2b4]} Qxa3 21. Qc2 $17) 20... Nb6 21. Na4 (21. Na2 $1 $15 Nc4 22. Bxc4 dxc4 23. Qxc4) 21... Nxa4 22. Qxa4 Bd7 23. Rc3 (23. Rxc6 $17 {is a better defense.} Rc8 24. Rxc7 Bxa4 25. Rxe7 Kxe7 26. f4) 23... g4 {Bocharov,D (2513)-Le,Q (2731) chess.com INT 2024 1-0 (46)} ({Better is} 23... Rb8 $19 24. Rfc1 Rb2)) ({RR} 9. h3 Ne4 10. Nge2 Nxg3 11. Nxg3 h4 12. Nh5 c6 13. Bd3 Qe7 14. Bf5 Bd7 (14... Bxf5 $5 15. Ng7+ $8 {[%mdl 64] Double Attack} Kd7 16. Nxf5 Qe4 $11) 15. Qf3 Kf8 (15... Kd8 $11 16. Bxd7 Nxd7) 16. g4 hxg3 $1 17. Nxg3 Qf6 18. O-O-O Bd6 19. Rdf1 Na6 20. Qg4 Rh4 21. Qf3 (21. Bxd7 $15 Rxg4 22. hxg4) 21... Re8 22. Kb1 Nb4 (22... Be6 $17) 23. a3 Rf4 {Svane,F (2617)-Gavrilescu,D (2524) chess.com INT 2024 1-0 (65)} (23... Nd3 $5)) ({RR} 9. h4 Ne4 10. Nge2 Bg4 11. Qb3 Nxg3 12. Nxg3 Nc6 13. hxg5 (13. Nge2 $16) 13... Qxg5 14. Bb5 Bxc3+ 15. Qxc3 Rh6 $1 16. Ne2 Bxe2 17. Kxe2 O-O-O 18. Rag1 h4 19. Kd1 Rf6 20. Qd2 Qf5 21. Rf1 Qb1+ 22. Qc1 (22. Ke2 $1 $11 {and White stays safe.} Qg6 23. Rxh4) 22... Qe4 (22... Qxa2 $19 23. Qc3 Qb1+ 24. Kd2 Qg6) 23. Rh2 $2 {[%mdl 8192]} (23. Qd2 $11 {and White is okay.}) 23... a6 $1 {Ter Sahakyan,S (2646)-Gavrilescu,D (2524) chess.com INT 2024 ½-½ (59)}) 9... Bxc3+ {White is slightly better.} 10. Qxc3 Nc6 11. Bd3 h4 $1 {[%cal Rh4g3]} 12. Be5 $1 Nxe5 13. dxe5 Ne4 14. Qa3 (14. Bxe4 $5 dxe4 15. Ne2 $11) 14... h3 (14... g4 $11) 15. gxh3 Bxh3 16. Nxh3 Rxh3 17. Qb3 Nc5 18. Qb5+ {[%mdl 64] Double Attack} Nd7 19. Bf5 (19. Qxb7 $6 Nxe5 20. O-O-O c6 $11) (19. Qxd5 c6 $14) 19... Rh6 20. Qxd5 {aiming for Rd1.} c6 21. Qd4 Rh4 22. f4 $6 {Inaccuracy. Qc3 was best.} (22. Qc3 Nb6 23. Rg1 Na4 24. Qc2 Qa5+ 25. Kf1 Qb5+ 26. Qe2 Qxe5 27. Rxg5 Kf8) 22... Nb6 23. O-O-O (23. Qxd8+ {is more complex.} Rxd8 24. fxg5 Nc4 25. Kf2 Rd2+ 26. Kg3) 23... Qxd4 24. Rxd4 gxf4 $1 25. Rxf4 Rh6 $1 26. h3 Ke7 27. Rhf1 Rf8 $6 {Inaccuracy. Nd5 was best.} (27... Nd5 28. R4f3) 28. Bg4 Nd5 29. R4f3 Rhh8 30. e4 Nc7 31. Ra3 Na6 $6 {Inaccuracy. a6 was best.} (31... a6) (31... a6 $16) 32. Be2 $6 {Inaccuracy. Kd2 was best.} (32. Kd2 Rhg8 33. Ke3 Ra8 34. Rd1 Nc5 35. b4 Ne6 36. Rad3 Nf8 37. Rd6 a6) (32. Kd2 $18 {has better winning chances.}) 32... Nc5 $16 33. Rxa7 Rxh3 $6 {Inaccuracy. Ra8 was best.} (33... Ra8 34. Rxa8) (33... Ra8 $14 34. Rxa8 Rxa8) 34. b4 $36 {[%mdl 2048] Black is under strong pressure.} Rc3+ $2 {Mistake. Nd3+ was best.} (34... Nd3+) (34... Nd3+ $16 {was worth a try.} 35. Bxd3 Rxd3) 35. Kb2 $1 $18 {[%cal Rb2c3]} Re3 36. Bc4 (36. bxc5 Rxe2+ 37. Kc3 Rg8 $11) 36... Rxe4 {[#]} 37. Kc3 $1 (37. bxc5 Rxc4 38. Rf6 (38. Rxb7+ Ke6 $11) 38... Rb8 $11) 37... Nd7 {intending ...b5.} 38. Rxb7 Rxe5 39. Rd1 Rd8 40. a4 {[%cal Ba2a4,Ba4a5,Ba5a6,Ba6a7][%mdl 32]} Re3+ 41. Kb2 Re4 42. Kc3 Re3+ 43. Kc2 Re4 44. Bf1 {Threatens to win with Bh3.} Ke6 45. a5 Rf4 46. a6 Rf2+ $6 {Inaccuracy. Ra8 was best.} (46... Ra8 47. Rbxd7 Rxf1 48. R1d6+ Ke5 49. Rxc6 Ra1 50. b5 f5 51. Rc5+ Kf4 52. Rf7) 47. Kb1 {Bc4+ is the strong threat.} Rf4 48. a7 Ra8 49. Bh3+ ({Less strong is} 49. Rdxd7 Rxf1+ 50. Kb2 Rg8 $18) (49. Rbxd7 Rxb4+ 50. Kc2 Ra4 $18) 49... f5 50. Rdxd7 ({Weaker is} 50. Rbxd7 Rxb4+ 51. Kc2 Ra4 $16) 50... Rxb4+ $6 {Inaccuracy. Rxa7 was best.} (50... Rxa7 51. Rxa7 Rxb4+ 52. Ka1 c5 53. Re7+ Kd5 (53... Kf6 $18 54. Rf7+ Ke5 55. Rxf5+ Ke4 56. Rxc5 Ke3 57. Ra3+ Ke4) 54. Rad7+ Kc6 55. Bg2+ Kb5 56. Bd5) (50... Rxa7 $142 51. Rxa7 Rxb4+ 52. Kc2 Rf4 53. Re7+ Kf6) 51. Rxb4 {Intending Rb8 and mate.} Kxd7 {[%mdl 4096] Endgame [#] KRB-KR} 52. Rb7+ $1 Ke6 53. Kc2 Ke5 54. Kc3 Rh8 $6 {Inaccuracy. Kd5 was best.} (54... Kd5 55. Bxf5 Kc5 56. Be4 Kd6 57. Kc4 Ke5 58. Bxc6 Kd6 59. Be4 Rxa7 60. Rxa7) 55. Bg2 {White mates.} Rg8 $2 {Checkmate is now unavoidable. Ra8 was best.} (55... Ra8 56. Bxc6) 56. Rb8 Rg3+ 57. Kc4 Rg4+ 58. Kc5 {Accuracy: White = 86%, Black = 54%.} 1-0

[Event "Sharjah Master 2024"]
[Site "Shsrjah - Abu Dhabi"]
[Date "2024.05.22"]
[Round "?"]
[White "Pranav Anand"]
[Black "Jumabayev, Rinat"]
[Result "1-0"]
[WhiteElo "2530"]
[BlackElo "2595"]
[PlyCount "99"]
[EventDate "2024.05.14"]
[EventCountry "UAE"]

{[%evp 15,99,30,35,36,47,46,43,43,56,17,13,5,63,55,70,32,62,37,36,38,38,38,36,21,28,23,37,32,54,57,53,44,49,46,96,46,63,56,57,52,77,13,25,10,135,138,129,129,159,31,102,121,114,109,101,110,96,101,173,164,164,165,176,176,296,323,324,323,323,308,281,267,381,378,521,526,497,497,521,520,523,514,721,721,29996,29997]} 1. e4 c5 2. Nf3 e6 3. d4 cxd4 4. Nxd4 a6 5. Nc3 b5 6. Bd3 Bb7 7. O-O Nc6 8. Nxc6 Bxc6 9. Re1 Ne7 10. Bf1 Ng6 11. Be3 {White is slightly better.} Rb8 $146 ({RR} 11... f6 12. a4 Bb4 13. axb5 Bxc3 14. bxc3 axb5 15. Bc5 Kf7 16. c4 bxc4 17. Bxc4 Rxa1 18. Qxa1 Qc7 19. Qd4 Qe5 20. Qxe5 Nxe5 21. Bb3 g5 22. Bd6 Ng6 23. f3 h5 24. Ra1 h4 25. Ra7 Ne7 26. Bxe7 {Yan,N (2185)-Griffith,K (2352) Santa Clara, CA USA 2024 0-1 (57)}) 12. Qd4 f6 13. Rad1 Be7 $6 {Inaccuracy. Kf7 was best.} (13... Kf7 14. f4 Qc7 15. g3 Be7 16. Bg2 Rhc8 17. Nd5 exd5 18. exd5 Bb7 19. d6) (13... Kf7 $11) 14. Nd5 $14 O-O 15. c4 Rf7 16. cxb5 axb5 17. Nxe7+ Nxe7 18. f3 f5 19. Bg5 fxe4 20. fxe4 Qc7 21. Bd2 Ra8 22. a3 Ng6 23. Bb4 Qb7 24. g3 Qa7 25. Bc5 Qb8 26. Bd6 Qd8 27. Bg2 Qg5 28. Rf1 $6 {Inaccuracy. h4 was best.} (28. h4) (28. h4 $16 Qh5 29. b3) 28... Ra4 29. Qd3 {Black must now prevent Rxf7.} Rf6 $2 {Mistake. Ne5 was best.} (29... Ne5 30. Qc3 Rxf1+ $1 31. Rxf1 {[%csl Gd6][%cal Rf1f8]} Nf7 $1 32. Bb4 Ra8 33. Qc1 Qg6 34. Qf4 Re8 35. h3) (29... Ne5 $11 30. Qc3 Rxf1+ 31. Rxf1 Nf7) 30. b3 $16 Ra8 31. h4 $1 $36 {[%cal Rh4g5][%mdl 2048] White is in control.} Qg4 32. Kh2 $6 {Inaccuracy. Rxf6 was best.} (32. Rxf6 gxf6) (32. Rxf6 $16 gxf6 33. Bf3) 32... Nh8 $6 {Inaccuracy. Rxf1 was best.} (32... Rxf1 33. Rxf1) ({Better is} 32... Rxf1 $1 $14 33. Rxf1 Qh5) 33. Rxf6 gxf6 {[#]} 34. Rf1 $1 Qg7 35. Qc3 Nf7 36. Be7 Ne5 $6 {Inaccuracy. Nh6 was best.} (36... Nh6 37. Bxf6) (36... Nh6 $16 {keeps fighting.} 37. Bxf6 Ng4+ 38. Kh3 Nxf6 39. Rxf6 Rxa3) 37. Bxf6 $18 Ng4+ {[#]} 38. Kh3 $1 Nxf6 $6 {Inaccuracy. Qg6 was best.} (38... Qg6) 39. Rxf6 Rxa3 (39... Rf8 {is a better defense.} 40. e5 Bxg2+ 41. Kxg2 Qe7) 40. e5 Bxg2+ 41. Kxg2 {[%mdl 4096] Endgame Qc8+ would kill now. KQR-KQR} Ra8 42. Qf3 Rc8 $6 {Inaccuracy. Re8 was best.} (42... Re8 43. Qf4 h5 44. Qf3 Qh7 45. Kh3 Rc8 46. Qe3 Qg7 47. Qd3 Qh7 48. Qf3) 43. Kh3 b4 (43... Rd8 $142 44. Qc3 Rf8) 44. Qf4 Rb8 $6 {Inaccuracy. h5 was best.} (44... h5 $2 {44...c3 1.41} 45. Qxb4 Rd8 46. Qf4 d6 (46... Rb8 $142 47. b4 Qg4+ {[%mdl 64] Decoy} 48. Qxg4+ hxg4+ 49. Kxg4 Rxb4+ 50. Rf4 Rb5) 47. Rxe6 Rf8 48. Rf6 Rxf6 49. exf6 Qd7+ 50. Kh2) ({Don't go for} 44... Rc3 $2 45. h5 $18) 45. h5 Qe7 46. h6 Rc8 47. Qf3 Rb8 48. Rf4 Kh8 $4 {Checkmate is now unavoidable. Rf8 was best.} (48... Rf8 49. Qg4+ Kh8 50. Rxb4 Re8 51. Rf4 Rd8 52. b4 Ra8 53. Qh4 Qd8 54. Rf7) 49. Rf7 Qg5 50. Rf8+ {Accuracy: White = 80%, Black = 55%.} 1-0

[Event "Sharjah Master 2024"]
[Site "Shsrjah - Abu Dhabi"]
[Date "2024.05.22"]
[Round "?"]
[White "Sethuraman, S.P."]
[Black "Cardoso Cardoso, Jose Gabriel"]
[Result "1-0"]
[WhiteElo "2588"]
[BlackElo "2496"]
[PlyCount "91"]
[EventDate "2024.05.14"]
[EventCountry "UAE"]

{[%evp 16,91,32,26,24,19,33,22,39,36,22,25,30,15,76,68,62,69,108,111,110,113,110,114,113,114,104,58,100,50,53,54,52,50,51,62,67,70,146,53,64,64,60,63,57,53,162,137,132,137,130,127,107,129,123,-12,113,107,108,108,215,216,211,206,198,187,192,186,241,239,359,350,495,494,490,488,515,520]} 1. e4 c5 2. Nf3 d6 3. d4 cxd4 4. Nxd4 Nf6 5. Nc3 Nc6 6. Bc4 e6 7. Be3 a6 8. Qe2 Bd7 9. O-O-O b5 10. Bb3 Na5 11. f3 $146 ({RR} 11. Bg5 {11.b1 0.24} Be7 12. e5 dxe5 13. Nf3 (13. Qxe5 $15 O-O 14. Kb1) 13... Nc6 (13... Nxb3+ $17 14. axb3 h6) 14. Nxe5 Nxe5 15. Qxe5 Qb8 16. Qe2 (16. Qe3 $11) 16... Ra7 ({Better is} 16... b4 $17 17. Bxf6 gxf6) 17. Rhe1 a5 18. Be3 (18. Qe3 $11 {remains equal.}) 18... Rb7 19. Bd4 O-O $1 20. Be5 (20. a3 $17) 20... Qc8 21. a3 a4 22. Ba2 b4 23. axb4 Rxb4 24. Rd4 Rxd4 25. Bxd4 a3 {Escalante Ramirez,B (2490)-Dudin,G (2546) Richardson USA 2024 0-1 (44)}) 11... Qc7 {The position is equal.} 12. g4 b4 13. Na4 Be7 14. Kb1 $36 {[%mdl 2048] White is more active.} Nxb3 (14... O-O $11) 15. cxb3 $16 O-O 16. h4 d5 17. Rc1 Qb8 18. e5 $1 {[%cal Re5f6]} Qxe5 19. Nb6 Qd6 20. Nxa8 Rxa8 21. Qc2 a5 22. Nc6 (22. h5 {feels hotter.} Bf8 23. g5 e5 24. Nf5 Qe6 25. Nh6+) 22... Bf8 $1 {...Rc8 is the strong threat.} 23. Qh2 Qxh2 24. Rxh2 Bd6 25. Rhc2 h5 26. g5 Nh7 $2 {[#] Mistake. Ne8 was best.} (26... Ne8) (26... Ne8 $14) 27. f4 $6 {Inaccuracy. Bc5 was best.} (27. Bc5 $1 {[%cal Rc5d6]} Bf4 28. Ne7+ Kh8 {[#]} 29. g6 $1 {[%cal Rg6f7]} Bxc1 30. gxf7 {[%cal Re7g6]} Nf8 31. Kxc1 e5 32. Nxd5 Bf5) (27. Bc5 $16 Bf4 28. Ne7+ Kh8 29. g6 Bxc1 30. gxf7 (30. Rxc1 fxg6 31. Nxg6+ Kg8 $11)) 27... Nf8 $14 28. Ne5 Bxe5 $1 29. fxe5 Ng6 30. Rc7 Nxe5 $2 {Mistake. Bb5 was best.} (30... Bb5 $1 31. Rc8+) (30... Bb5 $1 $14) 31. Bd4 Nf3 32. Rxd7 {aiming for Bf2.} Nxd4 $16 {[%mdl 4096] Endgame KRR-KRN} 33. Rcc7 Nf5 34. Rxf7 Kh7 35. Kc2 $2 {Mistake. Rf6 was best.} (35. Rf6) (35. Rf6 $16) 35... Rg8 $2 {Mistake. Kg6 was best.} (35... Kg6 36. a4 Rg8 37. Kd3 e5 (37... Nxh4 $5 {[%cal Rh4f5]} 38. Rfe7 Kf5 $14) 38. Rfd7 e4+ 39. Ke2 $1 Nxh4 40. Rxd5 Nf5 41. Rxa5) (35... Kg6 $11) 36. Rf6 $1 Re8 37. Kd3 Nxh4 $2 {Mistake. Kg8 was best.} (37... Kg8) (37... Kh8 $16 {keeps fighting.} 38. Rff7 Kh7) 38. Rh6+ $1 $18 {[%mdl 64] Double Attack} Kg8 39. Rxh5 Ng6 {And now ...Nf4+ would win.} 40. Rh2 e5 41. Ke3 Nf4 $6 {Inaccuracy. Rf8 was best.} (41... Rf8 42. Rd2 Nf4 43. Ra7 Rf5 44. g6 $1 Rf6 45. Ra8+ Rf8 46. Rxa5 d4+ 47. Ke4) 42. Ra7 Ne6 $6 {Inaccuracy. Rc8 was best.} (42... Rc8 43. Rf2 Rf8 44. Rxa5 Rf5 45. g6 Kf8 46. Ra7 Rg5 47. Rd7 Rg3+ 48. Kd2) (42... Re6 $142 43. Kf3 (43. Rxa5 Rg6 $18) 43... Rc6 44. Rxa5 Kf7) 43. g6 ({Less strong is} 43. Rxa5 d4+ 44. Kd3 Nxg5 $18) 43... Ng5 $6 {Inaccuracy. Nf4 was best.} (43... Nf4 44. Rh7 Ne6 45. Rh1 Nf4 46. Rg1 Nh5 47. Rxa5 Nf6 48. Kd3 Kf8 49. Ra7) (43... Nf8 {was worth a try.} 44. Rxa5 d4+ 45. Ke4 Nxg6) 44. Rh5 {White is clearly winning.} d4+ 45. Ke2 Ne6 {Hoping for ...Nf4+.} 46. Rxe5 {Accuracy: White = 83%, Black = 58%.} 1-0

[Event "Sharjah Master 2024"]
[Site "Shsrjah - Abu Dhabi"]
[Date "2024.05.22"]
[Round "?"]
[White "Royal, Shreyas"]
[Black "Peralta, Fernando"]
[Result "1/2-1/2"]
[WhiteElo "2463"]
[BlackElo "2573"]
[PlyCount "73"]
[EventDate "2024.05.14"]
[EventCountry "UAE"]

1. c4 e6 2. Nc3 Bb4 3. e4 d6 $146 ({RR} 3... Ne7 4. Nf3 O-O 5. d4 c5 6. Bd3 cxd4 7. Nxd4 d5 8. exd5 exd5 9. cxd5 Qxd5 10. O-O Bxc3 11. bxc3 Nbc6 12. Ba3 Rd8 13. Re1 Ng6 14. Be4 Qg5 15. Rb1 Nxd4 16. cxd4 Be6 17. Rxb7 Qa5 18. Bc5 {Lagarde,M (2640)-Willow,J (2427) Hastings ENG 2023 ½-½ (35)}) 4. Nf3 Nf6 5. d3 O-O 6. a3 Bxc3+ 7. bxc3 e5 8. g3 c6 9. Bg2 d5 10. exd5 cxd5 11. Nxe5 dxc4 12. Nxc4 Bg4 13. Qd2 Nbd7 14. d4 Re8+ $6 {Inaccuracy. Nb6 was best.} (14... Nb6 15. Ne5 Be6 16. O-O Bd5 17. Bxd5 Qxd5 18. Qd3 Qe4 19. Rd1 Qxd3 20. Rxd3) 15. Ne3 Ne4 16. Qb2 $6 {Inaccuracy. Qc2 was best.} (16. Qc2 Ng5 17. O-O Bf3 18. Nf5 Bxg2 19. Kxg2 h6 20. c4 Nf6 21. f3 Rc8) 16... Ng5 $6 {Inaccuracy. Bh5 was best.} (16... Bh5 17. O-O) 17. O-O Bf3 18. Bxf3 Nxf3+ 19. Kg2 Ng5 20. c4 Nb6 21. f3 Qd7 22. Ra2 $2 {Mistake. Qd2 was best.} (22. Qd2) 22... Nxc4 23. Nxc4 $4 {Blunder. Qb3 was best.} (23. Qb3) 23... Qh3+ 24. Kg1 Nxf3+ 25. Kf2 Nxh2 26. Rd1 Ng4+ 27. Kf3 Qh5 28. Kg2 Qh2+ 29. Kf3 Qh5 30. Kg2 Qd5+ 31. Kh3 Re4 (31... Qh5+ $4 {Blunder. Re4 was best.}) 32. Rf1 Rxd4 33. Qc2 Rxc4 34. Qf5 Qxf5 35. Rxf5 Rxc1 36. Kxg4 g6 37. Rd5 1/2-1/2

[Event "Sharjah Master 2024"]
[Site "Shsrjah - Abu Dhabi"]
[Date "2024.05.22"]
[Round "?"]
[White "Suleymenov, Alisher"]
[Black "Yilmazyerli, Mert"]
[Result "1-0"]
[WhiteElo "2499"]
[BlackElo "2522"]
[PlyCount "79"]
[EventDate "2024.05.14"]
[EventCountry "UAE"]

{[%evp 15,79,14,10,5,69,69,70,64,75,75,86,67,191,191,206,197,180,176,236,226,243,186,189,189,210,194,203,192,197,177,204,174,200,187,185,98,115,75,216,233,214,208,203,179,229,221,243,242,249,246,292,273,287,287,346,344,376,380,377,369,387,405,467,467,471,441]} 1. d4 d5 2. c4 dxc4 3. Nf3 Nf6 4. e3 e6 5. Bxc4 a6 6. O-O c5 7. Qe2 b5 8. Bd3 Nbd7 9. a4 Bb7 $146 {Inaccuracy. c4 was best.} (9... c4 10. Bc2 Bb7 11. e4 Be7 12. Nc3 b4 13. e5 bxc3 14. exf6 Nxf6 15. bxc3) ({RR} 9... bxa4 10. Nc3 Bb7 11. Rxa4 cxd4 12. exd4 Nb6 (12... Be7 $14) 13. Ra1 $2 (13. Bxa6 $18 Bxf3 14. Bb5+ Nfd7 15. Qxf3 Nxa4 16. Nxa4) 13... Be7 14. Bxa6 Bxa6 15. Rxa6 O-O 16. Bf4 Nfd5 17. Be5 Nb4 18. Rxa8 Qxa8 19. Nd2 Qc6 20. Nde4 Rd8 $2 (20... Nd7 $11 {and Black is okay.}) 21. Re1 $2 (21. Qg4 $18 {[%csl Ge5][%cal Rg4g7]} g6 22. Bf6) 21... Nc4 22. Qg4 {[%csl Ge5][%cal Rg4g7]} Nxe5 23. dxe5 Nd3 24. Re3 {Lorans,S (2076)-Kurmangaliyeva,L (2240) chess.com INT 2024 0-1} (24. Rd1 $11)) (9... c4 $11 10. Bc2 Bb7) 10. axb5 $14 axb5 11. Rxa8 {White is slightly better.} Qxa8 12. Bxb5 cxd4 13. Rd1 Bc5 $2 {Mistake. Bxf3 was best.} (13... Bxf3 14. gxf3 Qb7 15. Qc4 Bd6 16. Bxd7+ Qxd7 17. Qxd4 Bc5 18. Qd3 Ke7 19. Qc2) (13... Bxf3 $14 14. gxf3 (14. Qxf3 Qxf3 15. gxf3 Bd6 $14) 14... Qc8) 14. Ne5 $18 {Black must now prevent Bxd7+.} ({Resist} 14. Nxd4 $6 O-O $16) 14... Bxg2 15. f3 $1 Bh3 16. exd4 Bb6 (16... Bd6 $142) 17. Be3 Qd8 $6 {Inaccuracy. Qb7 was best.} (17... Qb7 18. Bc6 Qc7 19. Rc1 O-O 20. Bxd7 $1 Qa7 21. Bc6 Bxd4 22. Bxd4 Qxd4+ 23. Kh1) 18. Bxd7+ Nxd7 19. Qb5 {Strongly threatening Nc3.} Bc7 20. Nc3 {Threatens to win with Ne4.} Bf5 21. Ne4 Bxe4 22. fxe4 Bd6 23. Qc6 Qc7 24. Qa8+ Qb8 25. Qa4 $6 {Inaccuracy. Qc6 was best.} (25. Qc6 Qc7 {[#]} 26. Qb5 $1 Bxe5 27. dxe5 h5 (27... h6 {was necessary.} 28. Kh1 O-O) 28. b4 h4 29. Ra1 (29. Bc5 $142 Qc8 30. Ra1) 29... O-O 30. Rc1 Qd8) (25. Qc6 $18 Qc7 26. Qb5) 25... Qb7 $16 26. Bf4 {aiming for Nxd7.} O-O $4 {Blunder. Bb8 was best.} (26... Bb8 27. b3) (26... Bb8 $16) 27. Qxd7 $18 Qxe4 {next ...Bxe5 is good for Black.} 28. Qxd6 Qxf4 29. Rf1 Qe3+ 30. Rf2 Qc1+ 31. Kg2 {Hoping for Nxf7!} Qg5+ 32. Kf3 h5 33. Qc7 f6 34. Nd3 e5 35. Qc4+ ({Weaker is} 35. dxe5 fxe5+ 36. Ke2 Qg4+ 37. Kd2 Rxf2+ 38. Nxf2 Qd4+ 39. Ke1 Qxb2 $16) 35... Kh8 36. dxe5 fxe5+ {[#]} 37. Ke2 $1 Rd8 38. Qe4 h4 39. Rf5 {[%mdl 64] Double Attack} Qh6 40. Qg4 {Accuracy: White = 76%, Black = 45%.} 1-0

[Event "Sharjah Master 2024"]
[Site "Shsrjah - Abu Dhabi"]
[Date "2024.05.22"]
[Round "?"]
[White "Esipenko, Andrey"]
[Black "Erdos, Viktor"]
[Result "1-0"]
[WhiteElo "2703"]
[BlackElo "2546"]
[PlyCount "77"]
[EventDate "2024.05.14"]
[EventCountry "UAE"]

{[%evp 13,76,52,73,67,67,54,65,53,64,50,40,45,54,37,40,26,50,19,16,19,23,15,33,32,29,27,29,22,21,30,29,33,36,28,110,123,123,109,105,120,137,108,168,191,200,145,154,136,145,145,139,130,137,141,149,137,164,175,564,557,622,583,756,495,29999]} 1. e4 e5 2. Nf3 Nc6 3. Bb5 a6 4. Ba4 Nf6 5. O-O Bc5 6. c3 O-O 7. d4 Ba7 8. Bg5 ({RR} 8. dxe5 Nxe4 9. Qd5 Nc5 10. Bc2 Ne7 11. Qd1 d5 12. exd6 Qxd6 13. Qxd6 cxd6 14. Re1 Re8 15. Na3 Bg4 16. Bf4 Bxf3 17. gxf3 d5 18. Rad1 Ne6 19. Be3 g6 20. Bb3 d4 21. cxd4 Nf5 22. d5 Ned4) 8... h6 9. Bh4 $1 d6 $146 ({RR} 9... exd4 {9...d6 0.64} 10. Re1 (10. cxd4 $16 g5 11. Bg3) 10... b5 ({RR} 10... d6 11. cxd4 ({RR} 11. Bxc6 dxc3 12. Nxc3 bxc6 13. Qc1 Re8 14. e5 dxe5 15. Ne4 Re6 16. Nxe5 (16. a4 $14) 16... Nxe4 (16... Rxe5 $16 {was necessary.} 17. Nxf6+ {[%mdl 64] Discovered Attack} gxf6 18. Rxe5 {[%mdl 64] Pin} Bxf2+ {[%mdl 64] Decoy} 19. Kxf2 Qd4+ 20. Re3 Qxh4+ 21. Rg3+ Bg4) 17. Bxd8 Bxf2+ 18. Kh1 Bxe1 19. Qf4 Bb4 20. Qxf7+ Kh8 21. Ng6+ Kh7 22. Nf4 Re5 23. Qg6+ Kg8 24. Qxc6 Nf2+ 25. Kg1) ({RR} 11. Nxd4 {11.xc6 0.60} Ne5 12. h3 b5 (12... g5 $15 13. Bg3 g4) 13. Bc2 Bb7 14. Nd2 Re8 15. f4 Ng6 16. Bg3 Qd7 17. Kh2 Rad8 18. a4 c5 19. Nf5 Bb8 20. axb5 axb5 21. Re3 (21. Rc1 $14 {stays ahead.}) 21... d5 $1 22. e5 d4 23. cxd4 Nd5 24. Rea3 (24. Nb3 $142 Nxe3 25. Nxe3 cxd4 26. Nc5) 24... cxd4 (24... Ndxf4 $17 25. Bxf4 Nxf4) 25. Qg4) ({White should try} 11. Bxc6 $16 g5 12. Bxg5 hxg5 13. Ba4) 11... Bg4 12. Bxc6 bxc6 13. Qa4 (13. Nbd2 $11) 13... Bxf3 14. gxf3 Qb8 15. Nd2 Qb5 16. Qxb5 axb5 17. Nb3 c5 18. dxc5 dxc5 19. Red1 Rfd8 ({Black should play} 19... g5 $17 20. Bg3 Bb6) 20. Rxd8+ Rxd8 21. a4 c4 22. axb5 Bb6 23. Na5 Bxa5 24. Rxa5 Rd2 25. Ra8+) 11. Bb3 d6 12. Bd5 Bd7 13. Nxd4 Nxd4 14. Bxa8 (14. cxd4 $11 c6 15. Bb3) 14... Ne6 $1 15. Bd5 g5 $1 16. Bg3 h5 $1 17. h3 h4 18. Bh2 g4 $1 19. Kh1 Ng5 $1 20. Bf4 {[#]} (20. Qd2 $142 Nxd5 21. exd5 gxh3 22. f3) 20... Nh5 $1 21. Qd2 {[#]} Nxh3 $1 22. Be3 Bxe3 23. Rxe3 Ng5 24. e5 {Yakubboev,N (2665)-Pranesh M (2535) Dubai Police Officers Club, A 2024 0-1 (40)}) ({RR} 9... exd4 10. Re1 b5 11. Bb3 d6 12. Bd5 Bd7 13. Nxd4 (13. cxd4 $16 g5 14. Bxc6 Bxc6 15. d5) 13... Nxd4 14. Bxa8 Ne6 $1 15. Bd5 g5 $1 16. Bg3 h5 $1 17. h3 h4 18. Bh2 g4 $1 19. Kh1 Ng5 20. Bf4 Nh5 $1 21. Qd2 Nxh3 $1 22. Be3 Bxe3 23. Rxe3 (23. Qxe3 $142 N3f4 24. Nd2) 23... Ng5 24. e5 {Yakubboev,N (2665)-Pranesh,M (2537) Dubai UAE 2024 0-1 (40)}) ({RR} 9... exd4 10. Re1 d6 11. Bxc6 bxc6 12. Nxd4 Bd7 13. Nd2 g5 14. Bg3 Re8 15. Qf3 Bg4 16. Qd3 Bd7 17. e5 dxe5 18. Bxe5 c5 19. Nf5 (19. N4f3 $16 Ng4 20. Bg3) 19... Ng4 20. Nc4 Qc8 21. Ng3 (21. Nxh6+ $16 Nxh6 22. Bf6) 21... Bb5 22. f4 Qe6 23. b3 Rad8 24. Qf1 {Aveskulov,V (2501)-Pap,M (2426) Budapest HUN 2023 1-0 (61)}) 10. Bxc6 {White is slightly better.} bxc6 11. Re1 ({RR} 11. dxe5 dxe5 12. Nxe5 Qe7 13. Nf3 Qxe4 14. Bxf6 gxf6 15. Nbd2 Qf4 16. g3 Qg4 17. Nd4 Bxd4 18. Qxg4+ Bxg4 19. cxd4 Rfd8 20. Ne4 Bf3 21. Rfe1 Kg7 22. Re3 Bh5 23. Rc1 f5 24. Nc5) 11... g5 12. Bg3 g4 13. Nh4 Nh5 14. Na3 {[%cal Bb1a3,Ba3c2,Bc2e3][%mdl 32]} Qg5 15. Nc2 Re8 16. Qd3 Bd7 17. Rad1 a5 18. Ne3 Nxg3 19. hxg3 d5 20. dxe5 Rxe5 21. exd5 Rae8 22. dxc6 Bxc6 23. Kh2 Bxe3 (23... R8e6 $11 {keeps the balance.}) 24. Rxe3 $16 Rxe3 25. fxe3 Rxe3 26. Qc4 Re6 27. b4 axb4 $6 {Inaccuracy. h5 was best.} (27... h5 28. a3) (27... a4 $16 {was worth a try.}) 28. cxb4 $18 h5 29. Qc2 Qe5 30. Rd8+ Kg7 31. a4 {[%cal Ba2a4,Ba4a5][%mdl 32]} Be4 32. Qc1 Rc6 33. Qe1 Rc2 34. a5 Ra2 35. Qe3 Qe6 $4 {Blunder. Qf6 was best.} (35... Qf6 36. Rd4) (35... Qf6 {is tougher.}) 36. Qc3+ {[%mdl 64] Double Attack} Kh6 37. Rh8+ Kg5 38. Qxc7 $6 {[%csl Gg3][%cal Rc7f4] Inaccuracy. Qd4 was best.} (38. Qd4 Rxg2+ 39. Nxg2 Qf6 40. Rg8+ Qg6 41. Qd2+ Kf6 42. Qd8+ Ke5 43. Qxc7+ Qd6) 38... Bxg2 (38... Kf6 $18 39. Rh6+ Bg6) 39. Qf4# {Accuracy: White = 85%, Black = 66%.} ({Stronger than} 39. Nxg2 Rxg2+ 40. Kh1 Qe1+ 41. Kxg2 Qe2+ 42. Kh1 Qf1+ 43. Kh2 Qf2+ 44. Kh1 Qf1+ 45. Kh2 Qf2+ 46. Kh1 Qf1+ $11) 1-0